| 000 | 00553nam a2200181 a 4500 | ||
|---|---|---|---|
| 020 | _a925103818X | ||
| 040 | _cDJB | ||
| 082 | 0 | 0 | _a363 FAO 1997 C323 Or. |
| 100 | 1 | _aLatham, Michael C. | |
| 245 | 1 | 0 | _aHuman nutrition in the developing world / |
| 260 |
_aRome : _bFood and Agriculture Organization of the United Nations, _c1997. |
||
| 300 |
_ax, 508 p. : _bill., map ; _c24 cm. |
||
| 650 | 0 | _aNutrition | |
| 650 | 0 | _aNutrition policy | |
| 650 | 0 | _aMalnutrition | |
| 710 | 2 | _aFood and Agriculture Organization of the United Nations. | |
| 942 | _cAEDBB | ||
| 999 |
_c20650 _d20650 |
||